An introduction to international relations / (Record no. 5480)
[ view plain ]
| 000 -LEADER | |
|---|---|
| fixed length control field | 02629nam a22003377a 4500 |
| 003 - CONTROL NUMBER IDENTIFIER | |
| control field | OSt |
| 005 - DATE AND TIME OF LATEST TRANSACTION | |
| control field | 20260204163331.0 |
| 007 - PHYSICAL DESCRIPTION FIXED FIELD--GENERAL INFORMATION | |
| fixed length control field | a |
| 008 - FIXED-LENGTH DATA ELEMENTS--GENERAL INFORMATION | |
| fixed length control field | 260123b |||||||| |||| 00| 0 eng d |
| 020 ## - INTERNATIONAL STANDARD BOOK NUMBER | |
| International Standard Book Number | 9781009315227 |
| 040 ## - CATALOGING SOURCE | |
| Original cataloging agency | Foundation University |
| Language of cataloging | eng |
| Transcribing agency | Foundation University |
| Modifying agency | FULib |
| Description conventions | rda |
| 050 ## - LIBRARY OF CONGRESS CALL NUMBER | |
| Classification number | JZ 36.3.A97 |
| Item number | .2024 I58 |
| 240 ## - UNIFORM TITLE | |
| Uniform title | International relations |
| 245 00 - TITLE STATEMENT | |
| Title | An introduction to international relations / |
| Remainder of title | edited by Richard Devetak and Daniel R. McCarthy. |
| 250 ## - EDITION STATEMENT | |
| Edition statement | Fourth edition. |
| 260 ## - PUBLICATION, DISTRIBUTION, ETC. | |
| Place of publication, distribution, etc. | Australia : |
| Name of publisher, distributor, etc. | Cambridge University Press, |
| Date of publication, distribution, etc. | 2024. |
| 264 ## - PRODUCTION, PUBLICATION, DISTRIBUTION, MANUFACTURE, AND COPYRIGHT NOTICE | |
| Copyright Date | 2024. |
| 300 ## - PHYSICAL DESCRIPTION | |
| Materials specified | resource |
| Extent | xxvii, 563 pages : |
| Other physical details | color illustrations ; |
| Dimensions | 25 cm. |
| Type of unit | volume |
| 336 ## - CONTENT TYPE | |
| Source | rdacontent |
| Content type term | text |
| Content type code | txt |
| 337 ## - MEDIA TYPE | |
| Source | rdamedia |
| Media type term | unmediated |
| Media type code | n |
| 338 ## - CARRIER TYPE | |
| Source | rdacarrier |
| Materials specified | resource |
| Carrier type term | volume |
| Carrier type code | nc |
| 504 ## - BIBLIOGRAPHY, ETC. NOTE | |
| Bibliography, etc. note | Includes bibliographical references and index. |
| 520 ## - ABSTRACT, SUMMARY, ETC. | |
| Abstract, Summary, etc. | International Relations is a dynamic discipline, continually evolving in response to contemporary world politics. An Introduction to International Relations offers a foundational explanation of the theories, systems, actors and events that shape external relations between nations in today's global society.<br/>The fourth edition retains the existing structure, grouping chapters on theories, international history and the 'traditional' and 'new' agendas, while acknowledging that these exist alongside one another and intersect in complex ways. The text has been comprehensively updated and includes new chapters on post colonialism, the international politics of cyberspace, global public health and the futures of International Relations. New postcard boxes and case studies present contemporary examples of international relations in action, and discussion questions at the end of every chapter promote student engagement.<br/>Written by an expert author team of leading academics from Australia, New Zealand and around the world, An Introduction to International Relations remains a fundamental guide for students of international relations. -- Provided by the publisher. |
| 650 ## - SUBJECT ADDED ENTRY--TOPICAL TERM | |
| Topical term or geographic name entry element | International relations |
| Form subdivision | History |
| 9 (RLIN) | 14399 |
| 650 ## - SUBJECT ADDED ENTRY--TOPICAL TERM | |
| Topical term or geographic name entry element | International relations in literature |
| Form subdivision | Political science |
| 9 (RLIN) | 14400 |
| 658 ## - INDEX TERM--CURRICULUM OBJECTIVE | |
| Main curriculum objective | Political Science, Master of Arts in : |
| Subordinate curriculum objective | Theories of International Relations ; |
| Curriculum code | POL340 |
| 700 ## - ADDED ENTRY--PERSONAL NAME | |
| Personal name | Devetak, Richard. |
| Relator term | editor |
| 9 (RLIN) | 14401 |
| 700 ## - ADDED ENTRY--PERSONAL NAME | |
| Personal name | McCarthy, Daniel R., |
| Relator term | editor |
| 9 (RLIN) | 14402 |
| 856 ## - ELECTRONIC LOCATION AND ACCESS | |
| Uniform Resource Identifier | <a href="https://drive.google.com/file/d/1lj9C8PPkkDAZTFBCy_KeOEI6bWlMtd6S/view?usp=sharing">https://drive.google.com/file/d/1lj9C8PPkkDAZTFBCy_KeOEI6bWlMtd6S/view?usp=sharing</a> |
| Link text | Click here to view the table of content |
| 942 ## - ADDED ENTRY ELEMENTS (KOHA) | |
| Source of classification or shelving scheme | Library of Congress Classification |
| Koha item type | Books |
| Edition | Fourth edition. |
| Classification part | JZ 36.3.A97 |
| Item part | .2024 I58 |
| Call number prefix | (CAS-PS) |
| Suppress in OPAC | No |
| Uniform Resource Identifier | Withdrawn status | Lost status | Source of classification or shelving scheme | Damaged status | Not for loan | Collection code | Home library | Current library | Shelving location | Date acquired | Source of acquisition | Total Checkouts | Full call number | Barcode | Date last seen | Price effective from | Koha item type | Accession Number |
|---|---|---|---|---|---|---|---|---|---|---|---|---|---|---|---|---|---|---|
| https://drive.google.com/file/d/1lj9C8PPkkDAZTFBCy_KeOEI6bWlMtd6S/view?usp=sharing | Library of Congress Classification | Preservation Copy | Non-fiction | Foundation University Library | Foundation University Library | CoArts & Sciences | 01/23/2026 | QT | (CAS-PS) JZ 36.3.A97 .2024 I58 | 0072026015003 | 01/23/2026 | 01/23/2026 | Books | CAS-PS-2026003 | ||||
| https://drive.google.com/file/d/1lj9C8PPkkDAZTFBCy_KeOEI6bWlMtd6S/view?usp=sharing | Library of Congress Classification | Room Use Only | Non-fiction | Foundation University Library | Foundation University Library | CoArts & Sciences | 02/05/2026 | QT | (CAS-PS) JZ 36.3.A97 .2024 I58 c2 | 0072026015040 | 02/05/2026 | 02/05/2026 | Books | CAS-PS-2026040 | ||||
| https://drive.google.com/file/d/1lj9C8PPkkDAZTFBCy_KeOEI6bWlMtd6S/view?usp=sharing | Library of Congress Classification | Non-fiction | Foundation University Library | Foundation University Library | CoArts & Sciences | 02/05/2026 | QT | (CAS-PS) JZ 36.3.A97 .2024 I58 c3 | 0072026015041 | 02/05/2026 | 02/05/2026 | Books | CAS-PS-2026041 |
